000 00436nam a2200145Ia 4500
008 190509s9999 xx 000 0 und d
100 _aDrevitch, Gary
245 _aEccentric's corner: he knows what you really need/
245 _cGary Drevitch
260 _bSussex Publisher
260 _c2018
300 _aPages 26-28, July/August 2018
440 _aPsychology Today: Turning Points
_v1/2/1900 3:04:00 AM
650 _apersonality
999 _c361814
_d361814